• 首页
  • 本馆介绍
  • 公告通知
  • 最新文献
  • 馆藏检索
  • 电子资源
  • 读者导购
  • 参考咨询
  • 我的图书馆
  • 登录
  • 详细信息显示
  • 放入我的书架
  • 预约/预借图书
  • 作者相关作品
  • 分类相关作品
  • 丛书相关作品
  • 出版社相关作品

书目信息

  • 表格格式
  • 工作单格式
  • 卡片格式
题名:
真核基因表达调控
    
 
作者:
分册:  
出版信息: 北京   高等教育出版社  1997
页数: 358
开本: 26cm
丛书名:
单 册:
中图分类: Q753
科图分类:
主题词: 分子遗传学
电子资源:
ISBN: 7-04-006641-6
000 00471nam0 2200181 450
001 0741144344
005 20070817112544.34
010    @a7-04-006641-6@d¥44.90
100    @a20070817d km y0chiy0120 ea
101 0  @achi
200 1  @a真核基因表达调控@Azhen he ji yin biao da tiao kong
205    @a修订版
210    @a北京@c高等教育出版社@d1997
215    @a358@d26cm
606 0  @a分子遗传学
690    @aQ753@v3
801  0 @aCN@bPFT@c20070817
905    @a213230@dQ753@en1@f1
    
    真核基因表达调控.-修订版.-北京:高等教育出版社,1997
    358;26cm
    
    
    ISBN 7-04-006641-6:¥44.90
    
●
相关链接 在E读中查询图书 在五车中查询图书 在当当中查询图书 在豆瓣中查询图书


正题名:真核基因表达调控     索取号:Q753/n1         预约/预借

序号 登录号 条形码 馆藏地/架位号 状态 备注
1 6600247   266002470   密集书库-生命科学系/ [索取号:Q753/n1] 在馆    
2 6600248   266002489   密集书库-生命科学系/ [索取号:Q753/n1] 在馆    
唐山师范学院图书馆 欢迎您!
大连网信软件有限公司© 版权所有